000 00350nam a2200145Ia 4500
008 230917s9999||||xx |||||||||||||| ||und||
040 _e11419
_aMAIN
041 _aEnglish
082 _a515.7 D496F
100 _aDevito, Carl L
245 0 _aFunctional analysis
260 _aNew York
_bAcademic Press
_c1978
300 _axi, 166 p.
942 _cBK
999 _c198839
_d198839